000 003340000a22001450004500
005 20120302062826.0
942 _cBOOK
100 _a BHARTRUHARI YOGINDRA
245 _a SUBHASHIT TRI SHATI
250 _a 4 TH
260 _aMUMBAI: NIRNAY SAGAR ,1914
300 _a175 P.
040 _aSAN
650 _aSANSKRUT BHASHA / SUBHASHIT
999 _c357779
_d357776